Kpop: pick the correct idol - Statistics

General Stats
  • This quiz has been taken 393 times
  • The average score is 28 of 45
Answer Stats
Question Tile Select % Correct
Japanese idols No
94%
Japanese idols No
93%
Japanese idols No
91%
Japanese idols No
90%
Japanese idols No
90%
Japanese idols Yes
85%
Main dancers No
84%
Main vocalist No
81%
Main dancers No
76%
Main dancers No
76%
Main vocalist No
76%
Redebutted No
75%
Main dancers No
74%
Main vocalist No
74%
Redebutted No
73%
Japanese idols Yes
71%
Main dancers Yes
71%
Redebutted No
71%
Main dancers Yes
69%
From SM Entertainment No
67%
Japanese idols Yes
66%
Redebutted No
65%
Redebutted No
65%
Redebutted Yes
62%
Japanese idols Yes
61%
From SM Entertainment No
61%
From SM Entertainment No
61%
From SM Entertainment No
61%
Main dancers No
60%
Main vocalist No
59%
Redebutted Yes
57%
Main vocalist Yes
54%
Main dancers Yes
52%
From SM Entertainment Yes
52%
Main vocalist Yes
51%
Main vocalist Yes
49%
From SM Entertainment Yes
48%
From SM Entertainment Yes
37%
From SM Entertainment Yes
37%
Redebutted Yes
36%
From SM Entertainment Yes
33%
Main vocalist Yes
30%
Redebutted Yes
30%
Main dancers Yes
23%
Main vocalist No
23%
No matching quizzes found
Score Distribution
Percent of People with Each Score
Percentile by Number Answered
Your Score History
You have not taken this quiz